Eureka! I've discovered force: (Record no. 32900)

MARC details
000 -LEADER
fixed length control field 03104nam a22003617a 4500
005 - DATE AND TIME OF LATEST TRANSACTION
control field 2009121507187.0
010 ## - LCCN (DPL NO)
LC control number B-370232-240 B-444626
020 ## - INTERNATIONAL STANDARD BOOK NUMBER
Terms of availability 80.00
International Standard Book Number 9788179915172
035 ## - SYSTEM CONTROL NUMBER
System control number B-370232-240 B-444626
037 ## - SOURCE OF ACQUISITION
Source of stock number/acquisition Popular Parakashan
037 ## - SOURCE OF ACQUISITION
Source of stock number/acquisition Blue Berry/Ven
082 ## - DEWEY DECIMAL CLASSIFICATION NUMBER
Classification number 531.113
100 ## - MAIN ENTRY--PERSONAL NAME
Personal name Plummer, Todd
245 ## - TITLE STATEMENT
Title Eureka! I've discovered force:
Remainder of title meet the people who revealed the wonders of force! /
Statement of responsibility, etc by Todd Plummer ; illustrated by Amit Tayal...[et al].
260 ## - PUBLICATION, DISTRIBUTION, ETC. (IMPRINT)
Name of publisher, distributor, etc Popular Prakashan
Date of publication, distribution, etc 2009
Place of publication, distribution, etc Mumbai
270 ## - ADDRESS
Address 301, Mahalaxmi, 22, Bhulabhai Desai Road,
City Mumbai
Postal code 400026
300 ## - PHYSICAL DESCRIPTION
Extent 32p.:
Other physical details col. ill.
Dimensions 28cm(pbk)
490 ## - SERIES STATEMENT
Series statement Brainworks a kangaroo kids initiative series; edited by Jessica Cohn
-- 37516
500 ## - GENERAL NOTE
General note Includes glossary and index
942 ## - ADDED ENTRY ELEMENTS (KOHA)
Source of classification or shelving scheme Dewey Decimal Classification
Item type Children Books
Call number suffix PLU
Classification part 531.113
Holdings
Withdrawn status Lost status Not for loan Collection code Home library Current library Date acquired Source of acquisition Cost, normal purchase price Full call number Barcode Copy number Cost, replacement price Koha item type
      Non-fiction Bawana Bawana 22/05/2010 Popular Parakashan /I/09-10/1373/4.2.10/166/27.1.2010/4.2.10 80.00 531.113 PLU B-370239 1 80.00 Children Books
      Non-fiction Central Library Central Library 22/05/2010 Popular Parakashan /I/09-10/1373/4.2.10/166/27.1.2010/4.2.10 80.00 531.113 PLU B-370232 1 80.00 Children Books
Withdrawn     Non-fiction Janak Puri Janak Puri 22/05/2010 Popular Parakashan /I/09-10/1373/4.2.10/166/27.1.2010/4.2.10 80.00 531.113 PLU B-370234 1 80.00 Children Books
      Non-fiction Karol Bagh Karol Bagh 22/05/2010 Popular Parakashan /I/09-10/1373/4.2.10/166/27.1.2010/4.2.10 80.00 531.113 PLU B-370237 1 80.00 Children Books
  Written-off vide DLB M. No. 383 dt 16.05.19   Non-fiction Narela Narela 22/05/2010 Popular Parakashan /I/09-10/1373/4.2.10/166/27.1.2010/4.2.10 80.00 531.113 PLU B-370238 1 80.00 Children Books
  Written-off vide DLB M. No. 383 dt 16.05.19   Non-fiction Patel Nagar Patel Nagar 22/05/2010 Popular Parakashan /I/09-10/1373/4.2.10/166/27.1.2010/4.2.10 80.00 531.113 PLU B-370233 1 80.00 Children Books
      Non-fiction Sarojini Nagar Sarojini Nagar 22/05/2010 Popular Parakashan /I/09-10/1373/4.2.10/166/27.1.2010/4.2.10 80.00 531.113 PLU B-370235 1 80.00 Children Books
      Non-fiction Sarojini Nagar Sarojini Nagar 23/12/2011 Blue Berry/7042/29.9.11/83/21.3.11/12.10.11 80.00 531.113 PLU B-444626 1 80.00 Children Books
  Written-off vide DLB M. No. 383 dt 16.05.19   Non-fiction Shahdara Branch Shahdara Branch 22/05/2010 Popular Parakashan /I/09-10/1373/4.2.10/166/27.1.2010/4.2.10 80.00 531.113 PLU B-370240 1 80.00 Children Books
  Written-off vide DLB M. No. 383 dt 16.05.19   Non-fiction Vinoba Puri Vinoba Puri 22/05/2010 Popular Parakashan /I/09-10/1373/4.2.10/166/27.1.2010/4.2.10 80.00 531.113 PLU B-370236 1 80.00 Children Books

© Delhi Public Library
Hit Counter
free hit counter